000 00551nam a2200133Ia 4500
008 231129s2011||||xx |||||||||||||| ||spa||
020 _a978-958-99713-2-1
040 _bspa
082 _a333.794 C397
245 0 _aCentro de Innovación Tecnológica con énfasis en poligeneración
260 _c2011
264 _aMedellí­n Colombia: Instituto de Planificación y Promoción de Soluciones Energéticas para las Zonas No Interconectadas - IPSE; Universidad Nacional de Colombia - Sede Medellí­n
942 _2ddc
_cBKS
999 _c6846
_d6846